000 00352nam a2200157 i 4500
001 bg
100 1 _aWIŚNIEWSKI, Lech
245 0 _aQuick BASIC /
_cLech Wiśniewski.
260 _aWarszawa,
_c1992.
650 9 _aQuik Basic
655 _aPodręczniki
040 _cBPK
041 _apol
942 _cKS
008 s pl f |000 0 pol
999 _c5471
_d5471
856 _uhttp://koha.tu.koszalin.pl/cgi-bin/koha/opac-detail.pl?biblionumber=5471
_yKatalog online BPK